000 00708nam a2200241 4500
008 b xx# eng u
010 _a47159
020 _a0153734809
020 _a9780153734809
040 _aLB-BrCRDP
082 _a909/M476m
100 1 _aMazour, Anatole G.
130 0 _lEN
245 1 0 _aMen and nations
_ba world history
_cAnatole G. Mazour, John M. Peoples
250 _a3d ed.
260 _aN.Y. :
_bHarcourt Brace Jovanovich Publ.,
_cc1975
300 _axviii, 877p. :
_bcol. ill., col. maps ;
_c24 cm
500 _aBibliographical references and index.
650 _aWorld history
700 1 0 _aPeoples, John M.
942 _cBK
999 _c11118
_d11118